[Event "5eme open de Champagne -Ardenne"]
[Site "BLAGNY N°14535"]
[Date "2009.05.02"]
[Round "5.19"]
[White "Henzler, Steffen"]
[Black "Gilles, Ludwig"]
[Result "1-0"]
[WhiteElo "1099"]
[BlackElo "1160"]
[PlyCount "95"]
[EventDate "2009.??.??"]

1. e4 e5 2. d4 Nc6 3. d5 Nd4 4. Nf3 Nxf3+ 5. Qxf3 d6 6. Nc3 Nf6 7. h3 h6 8.
Bb5+ c6 9. dxc6 Ke7 10. Nd5+ Ke6 11. Nxf6 gxf6 12. cxb7 Rb8 13. bxc8=Q+ Rxc8
14. Qg4+ Ke7 15. c3 h5 16. Qd1 Ke6 17. Qd5+ Ke7 18. Bd2 Rc5 19. Qb7+ Qc7 20.
Qxc7+ Rxc7 21. O-O-O Bh6 22. Bxh6 Rxh6 23. Kb1 h4 24. g4 Ke6 25. Rc1 f5 26.
gxf5+ Kf6 27. Rhd1 Rb7 28. a4 Ke7 29. Rd2 Kd8 30. Rcd1 Ke7 31. c4 Rb8 32. Rc1
Rhh8 33. b4 Rhg8 34. c5 Rbc8 35. Rdc2 Rc7 36. cxd6+ Kxd6 37. Rd1+ Ke7 38. Rxc7+
Kf6 39. Rxa7 Rg7 40. a5 Kg5 41. Rg1+ Kh6 42. Rxg7 Kxg7 43. Rb7 Kf8 44. a6 Kg7
45. Bc4 Kf8 46. Rxf7+ Ke8 47. a7 Kd8 48. a8=Q# 1-0

[Event "5eme open de Champagne -Ardenne"]
[Site "BLAGNY N°14535"]
[Date "2009.05.02"]
[Round "5.20"]
[White "Lucas Fauchois, Leo"]
[Black "Gilles, Sebastien"]
[Result "0-1"]
[WhiteElo "1060"]
[BlackElo "1499"]
[PlyCount "62"]
[EventDate "2009.??.??"]

1. e4 Nf6 2. Nc3 e6 3. d3 Bb4 4. a3 Be7 5. Be2 d5 6. Nf3 dxe4 7. dxe4 Qxd1+ 8.
Nxd1 O-O 9. O-O Nxe4 10. Bd3 Nc5 11. b3 Nbd7 12. h3 Bf6 13. Rb1 Ne5 14. Nh4 b6
15. Ra1 Bb7 16. Re1 Nexd3 17. Bb2 Nxb2 18. Nxb2 Bxb2 19. Rab1 Bxa3 20. Ra1 Bb4
21. Red1 e5 22. Rd5 e4 23. Rd4 Bc3 24. Rc4 Bxa1 25. g3 Rad8 26. Nf5 Rd1+ 27.
Kg2 Rfd8 28. b4 e3+ 29. Kh2 Rf1 30. Rg4 Rdd1 31. Nxg7 Rh1# 0-1

[Event "5eme open de Champagne -Ardenne"]
[Site "BLAGNY N°14535"]
[Date "2009.05.03"]
[Round "6.2"]
[White "Bentout, Pascal"]
[Black "Moucheroud, Jeremy"]
[Result "1-0"]
[WhiteElo "2135"]
[BlackElo "2056"]
[PlyCount "71"]
[EventDate "2009.??.??"]

1. d4 d5 2. c4 e6 3. Nc3 c6 4. Nf3 dxc4 5. a4 Bb4 6. g3 Nf6 7. Bg2 Nbd7 8. O-O
O-O 9. Qc2 Nd5 10. e4 Nxc3 11. bxc3 Be7 12. Nd2 b6 13. e5 Qc7 14. Be4 g6 15.
Nxc4 Ba6 16. Bd3 Rfd8 17. Bf4 Bxc4 18. Bxc4 a6 19. Qb3 Nf8 20. Rfd1 b5 21. Bf1
Nd7 22. a5 c5 23. c4 b4 24. d5 Nxe5 25. dxe6 f6 26. Bg2 Rab8 27. Rd5 Bd6 28.
Rad1 Kf8 29. h4 Ke7 30. h5 Kxe6 31. Bh3+ Ke7 32. Qe3 b3 33. Bxe5 fxe5 34. Qh6
Rg8 35. Rxd6 Qxd6 36. Qxh7+ 1-0

[Event "5eme open de Champagne -Ardenne"]
[Site "BLAGNY N°14535"]
[Date "2009.05.03"]
[Round "6.3"]
[White "Meunier, Samuel"]
[Black "Dubuisson, Thomas"]
[Result "1/2-1/2"]
[WhiteElo "1946"]
[BlackElo "2011"]
[PlyCount "48"]
[EventDate "2009.??.??"]

1. e4 c6 2. d4 g6 3. Nf3 Bg7 4. c4 d6 5. Nc3 Bg4 6. Be3 Nd7 7. h3 Bxf3 8. gxf3
Ngf6 9. Qd2 e5 10. Be2 Qe7 11. O-O-O O-O-O 12. Kb1 c5 13. dxe5 Nxe5 14. Nb5 Kb8
15. b4 Nc6 16. Nxd6 Nxe4 17. fxe4 Qe5 18. Bxc5 Qa1+ 19. Kc2 Qb2+ (19... Qxa2+
20. Kc1 Qa1+ 21. Kc2 Qb2+ 22. Kd3 Qb3+ 23. Qc3 Qxc3#) 20. Kd3 Qa3+ 21. Kc2 Qb2+
22. Kd3 Qa3+ 23. Kc2 Qb2+ 24. Kd3 Qa3+ 1/2-1/2

[Event "5eme open de Champagne -Ardenne"]
[Site "BLAGNY N°14535"]
[Date "2009.05.03"]
[Round "6.4"]
[White "Bricard, Herve"]
[Black "Knecht, Alain"]
[Result "1/2-1/2"]
[WhiteElo "2067"]
[BlackElo "2169"]
[PlyCount "63"]
[EventDate "2009.??.??"]

1. e4 e5 2. f4 Bc5 3. Nf3 d6 4. c3 Nf6 5. d4 exd4 6. cxd4 Bb6 7. Nc3 Bg4 8. e5
dxe5 9. fxe5 Nd5 10. Bc4 c6 11. O-O Qd7 12. Na4 Na6 13. Nxb6 axb6 14. Bg5 h6
15. Bh4 g5 16. Bf2 Nac7 17. a4 Qf5 18. Ra3 O-O-O 19. Bd3 Qe6 20. Qb1 Nf4 21.
Be4 Kb8 22. Re1 Ncd5 23. Nd2 Nb4 24. Nb3 Be2 25. Nc1 Bc4 26. Bf5 Qd5 27. Be4
Qd7 28. Bf5 Be6 29. Be4 Bd5 30. Bf5 Be6 31. Be4 Bd5 32. Bf5 1/2-1/2

[Event "5eme open de Champagne -Ardenne"]
[Site "BLAGNY N°14535"]
[Date "2009.05.03"]
[Round "6.5"]
[White "Biryukov, Alice"]
[Black "Peltriaux, Guillaume"]
[Result "0-1"]
[WhiteElo "1412"]
[BlackElo "1906"]
[PlyCount "62"]
[EventDate "2009.??.??"]

1. e4 d5 2. exd5 Qxd5 3. Nc3 Qa5 4. Nf3 Nf6 5. Bc4 Bg4 6. d4 Nc6 7. d5 O-O-O 8.
O-O e6 9. Qe1 exd5 10. Bb5 Bxf3 11. Bxc6 bxc6 12. gxf3 d4 13. Ne2 Qxe1 14. Rxe1
Bc5 15. Bf4 Nh5 16. Bg3 g5 17. Rad1 Rhe8 18. a3 a5 19. Rd3 f5 20. h3 f4 21. Bh2
Ng7 22. c3 Nf5 23. b4 Bb6 24. Kf1 c5 25. Red1 c4 26. R3d2 d3 27. Nc1 Nh4 28.
Rb2 Re5 29. Na2 Nxf3 30. Bg1 Rde8 31. Rbb1 d2 0-1

[Event "5eme open de Champagne -Ardenne"]
[Site "BLAGNY N°14535"]
[Date "2009.05.03"]
[Round "6.6"]
[White "Guyon, Cyndie"]
[Black "Noizet, Regis"]
[Result "1-0"]
[WhiteElo "1905"]
[BlackElo "1790"]
[PlyCount "131"]
[EventDate "2009.??.??"]

1. d4 d5 2. c4 c6 3. Nc3 Nf6 4. Nf3 e6 5. e3 Bb4 6. Bd3 Bxc3+ 7. bxc3 dxc4 8.
Bxc4 O-O 9. O-O Nbd7 10. Re1 Qa5 11. Qc2 e5 12. Bb2 h6 13. h3 e4 14. Nd2 Nb6
15. Be2 Re8 16. c4 Qg5 17. Kh1 Bf5 18. Nf1 Bg6 19. Rad1 Rac8 20. Qb3 Nbd7 21.
Ba3 b6 22. Bd6 Qa5 23. Nh2 c5 24. Ng4 cxd4 25. exd4 Rcd8 26. Ne5 Nxe5 27. Bxe5
Nd7 28. Bg3 Nf6 29. d5 Rd7 30. a4 Red8 31. Be5 Nxd5 32. cxd5 Rxd5 33. Bc3 Qc5
34. Bb4 Qc6 35. Rxd5 Qxd5 36. Qxd5 Rxd5 37. Rd1 Rf5 38. Kg1 Rf6 39. Rd6 Rf4 40.
Bd2 e3 41. Bxe3 Rxa4 42. Rd7 Bf5 43. Rc7 Be6 44. Kh2 Ra2 45. Bf3 b5 46. Rxa7 b4
47. Rxa2 Bxa2 48. Bd2 b3 49. Bc3 Bb1 50. Bd1 Ba2 51. Kg3 Kh7 52. Kf4 Kg6 53. h4
h5 54. Bb2 f6 55. g3 Kh6 56. Kf5 Bb1+ 57. Ke6 Ba2 58. Kf7 g6 59. Kxf6 Kh7 60.
Kg5 Bb1 61. Bxb3 Be4 62. Kf6 Bf3 63. Bf7 Be4 64. Ke7 Bf3 65. Kf8 Be4 66. Bg8+
1-0

[Event "5eme open de Champagne -Ardenne"]
[Site "BLAGNY N°14535"]
[Date "2009.05.03"]
[Round "6.8"]
[White "Louis, Andre"]
[Black "Labroche, Jerome"]
[Result "0-1"]
[WhiteElo "1883"]
[BlackElo "1782"]
[PlyCount "110"]
[EventDate "2009.??.??"]

1. e4 e5 2. Nf3 Nf6 3. Nxe5 Nxe4 4. Qe2 Qe7 5. Qxe4 d6 6. d4 dxe5 7. Qxe5 Qxe5+
8. dxe5 Bf5 9. c3 Nd7 10. Bf4 O-O-O 11. Be2 Re8 12. O-O Nxe5 13. Nd2 Nd3 14.
Bxd3 Bxd3 15. Rfe1 Bc5 16. Nb3 Bb6 17. Be5 f6 18. Bd4 Re2 19. Rxe2 Bxe2 20.
Bxb6 axb6 21. Nd4 Re8 22. f3 g6 23. Kf2 Bc4 24. b3 Bf7 25. f4 c6 26. g3 Kc7 27.
Rd1 b5 28. Rd2 Bd5 29. Nxb5+ Kb6 30. Nd4 c5 31. Nc2 Bc6 32. Ne3 Kc7 33. Ng4 Re6
34. Ne3 b5 35. h4 Re8 36. Nd5+ Bxd5 37. Rxd5 Kc6 38. Rd3 Ra8 39. Rd2 f5 40. Kf3
c4 41. b4 Ra3 42. Rc2 h5 43. Ke3 Ra8 44. Rd2 Re8+ 45. Kf2 Ra8 46. Re2 Ra3 47.
Re6+ Kd5 48. Rb6 Rxc3 49. Rxb5+ Kd4 50. a4 Rc2+ 51. Kg1 c3 52. Rc5 Rb2 53. Rc7
c2 54. Rd7+ Ke3 55. Re7+ Kf3 0-1

[Event "5eme open de Champagne -Ardenne"]
[Site "BLAGNY N°14535"]
[Date "2009.05.03"]
[Round "6.9"]
[White "Halfaoui, Eddine"]
[Black "Biniaux, Michael"]
[Result "1/2-1/2"]
[WhiteElo "1831"]
[BlackElo "1690"]
[PlyCount "116"]
[EventDate "2009.??.??"]

1. e4 d5 2. exd5 Qxd5 3. Nc3 Qa5 4. d4 c6 5. Bd3 Nf6 6. Nge2 Bg4 7. O-O e6 8.
f3 Bh5 9. Ne4 Be7 10. Kh1 Qd8 11. c3 Nbd7 12. Qc2 c5 13. Nxc5 Nxc5 14. dxc5
Bxc5 15. Bb5+ Ke7 16. b4 Bd6 17. Rd1 Qc7 18. Bg5 Rad8 19. h3 Bxb4 20. Qb3 Bd6
21. Be3 a6 22. Bd3 Nd5 23. Bd4 Qc6 24. Be4 Bg6 25. Bxd5 exd5 26. Bxg7 Rhg8 27.
Bh6 Be5 28. Bg5+ f6 29. Bh4 Bf5 30. Nd4 Bxd4 31. Rxd4 Be6 32. Re1 Kf7 33. Qc2
Rg7 34. Bf2 Qd7 35. Rh4 Kg8 36. Bd4 Qf7 37. Rh6 Rg6 38. Qd2 Kg7 39. Rxg6+ hxg6
40. Qg5 Re8 41. f4 Rh8 42. Qg3 Bf5 43. Qe3 Be4 44. c4 Qe6 45. Kg1 Re8 46. Qb3
dxc4 47. Qc3 b5 48. Kf2 Qc6 49. g3 Kf7 50. a3 Bh1 51. Rxe8 Qg2+ 52. Ke3 Qxg3+
53. Kd2 Qxc3+ 54. Kxc3 Kxe8 55. Bxf6 Kf7 56. Be5 Ke6 57. h4 Kd5 58. Bf6 Be4
1/2-1/2

[Event "5eme open de Champagne -Ardenne"]
[Site "BLAGNY N°14535"]
[Date "2009.05.03"]
[Round "6.10"]
[White "Rigolot, Lucie"]
[Black "Fell, Fabian"]
[Result "1-0"]
[WhiteElo "1831"]
[BlackElo "1538"]
[PlyCount "45"]
[EventDate "2009.??.??"]

1. e4 e5 2. Nf3 Nf6 3. d4 exd4 4. e5 Nd5 5. Nxd4 Be7 6. Nf5 g6 7. Qxd5 gxf5 8.
Bc4 Rf8 9. Bh6 c6 10. Qf3 d5 11. exd6 Qxd6 12. Bxf8 Bxf8 13. O-O Be6 14. Bxe6
Qxe6 15. Nc3 Be7 16. Rfe1 Qf6 17. Qg3 Nd7 18. Rad1 Rd8 19. Rd6 Qh8 20. Qe3 Qf8
21. Rh6 Nb6 22. Rxh7 Rd7 23. Qh3 1-0

[Event "5eme open de Champagne -Ardenne"]
[Site "BLAGNY N°14535"]
[Date "2009.05.03"]
[Round "6.11"]
[White "Marchal, Roger"]
[Black "Pataki, Zemplen"]
[Result "0-1"]
[WhiteElo "1620"]
[BlackElo "1522"]
[PlyCount "84"]
[EventDate "2009.??.??"]

1. c4 e5 2. g3 Nf6 3. Bg2 c6 4. Nf3 e4 5. Ng5 d5 6. cxd5 cxd5 7. Nc3 Bc5 8. Nh3
Qe7 9. Nf4 d4 10. Ncd5 Nxd5 11. Nxd5 Qe5 12. Nf4 O-O 13. O-O Nc6 14. a3 Bf5 15.
Qb3 Bb6 16. Qd5 Qxd5 17. Nxd5 Bc5 18. b4 Bd6 19. Bb2 Rfd8 20. b5 Ne7 21. Nxe7+
Bxe7 22. Rac1 Bf6 23. d3 exd3 24. exd3 Bxd3 25. Rfe1 Bxb5 26. Bxb7 Rab8 27. Rc7
d3 28. Bxf6 d2 29. Rd1 gxf6 30. Bf3 Ba4 31. Kf1 Bxd1 32. Bxd1 Re8 33. Bc2 Rb1+
34. Kg2 d1=Q 35. Bxd1 Rxd1 36. Rxa7 Ra1 37. Kf3 Rc8 38. Kg4 Kg7 39. f4 Rc3 40.
Ra5 Rcxa3 41. Rd5 R1a2 42. h4 Rg2 0-1

[Event "5eme open de Champagne -Ardenne"]
[Site "BLAGNY N°14535"]
[Date "2009.05.03"]
[Round "6.12"]
[White "Blond-Hanten, Elsa"]
[Black "Matschek, Norbert"]
[Result "0-1"]
[WhiteElo "1328"]
[BlackElo "1771"]
[PlyCount "66"]
[EventDate "2009.??.??"]

1. e4 g6 2. d4 c5 3. Bc4 Bg7 4. Qf3 e6 5. d5 e5 6. Nc3 d6 7. Nb5 a6 8. Nc3 b5
9. Bb3 c4 10. a4 cxb3 11. axb5 bxc2 12. Qe2 Bb7 13. Qg4 Nf6 14. Qh4 axb5 15.
Na2 Nbd7 16. Bh6 O-O 17. Nf3 Nxe4 18. Qh3 Bxd5 19. O-O Be6 20. g4 Rxa2 21. Rae1
Ndf6 22. Qh4 Bxg4 23. Re3 Rxb2 24. Bg5 Rb1 25. Bxf6 Rxf1+ 26. Kxf1 c1=Q+ 27.
Kg2 Bxf3+ 28. Rxf3 Nxf6 29. Kg3 Nh5+ 30. Kg2 Qxh4 31. h3 Qc6 32. Kh2 Qxf3 33.
Kg1 Qhxf2# 0-1

[Event "5eme open de Champagne -Ardenne"]
[Site "BLAGNY N°14535"]
[Date "2009.05.03"]
[Round "6.13"]
[White "Beaudiot, Alain"]
[Black "Meisch, Tanguy"]
[Result "1-0"]
[WhiteElo "1591"]
[BlackElo "1558"]
[PlyCount "71"]
[EventDate "2009.??.??"]

1. Nf3 d5 2. g3 Nc6 3. Bg2 e5 4. d3 Nf6 5. O-O Bg4 6. Nbd2 Bc5 7. c3 Qd6 8. b4
Bb6 9. a4 a6 10. Ba3 Qd7 11. b5 axb5 12. axb5 Ne7 13. Nxe5 Qxb5 14. c4 dxc4 15.
Ndxc4 Bd4 16. Rb1 Qa4 17. Qxa4+ Rxa4 18. Rxb7 Bc8 19. Rxc7 Bxe5 20. Rxe7+ Kd8
21. Rxe5 Be6 22. Ra5 Rxa5 23. Nxa5 Kd7 24. Bc6+ Kc7 25. Rb1 Rd8 26. Rb7+ Kc8
27. Be7 Rd4 28. Bxf6 gxf6 29. Be8 Rd5 30. Rb5 Rxb5 31. Bxb5 Bg4 32. f3 Be6 33.
e4 Kc7 34. Bc4 Bxc4 35. Nxc4 Kc6 36. Kf2 1-0

[Event "5eme open de Champagne -Ardenne"]
[Site "BLAGNY N°14535"]
[Date "2009.05.03"]
[Round "6.14"]
[White "Micottis, Dorian"]
[Black "Chalabi, Max"]
[Result "0-1"]
[WhiteElo "1099"]
[BlackElo "1296"]
[PlyCount "76"]
[EventDate "2009.??.??"]

1. e4 e5 2. Nf3 Nf6 3. Nc3 Nc6 4. Bc4 Bc5 5. d3 d6 6. h3 Be6 7. Bxe6 fxe6 8.
Bg5 O-O 9. Qd2 Qd7 10. O-O-O d5 11. Bxf6 Rxf6 12. Rhf1 Bb4 13. Qg5 Bxc3 14.
bxc3 Raf8 15. Rd2 Qd6 16. Kd1 Rg6 17. Qh5 Rh6 18. Qg5 Rff6 19. Qg3 Rhg6 20. Qh2
Rf4 21. exd5 exd5 22. d4 e4 23. Ne5 Rgf6 24. g3 R4f5 25. Ng4 Rf8 26. Ne3 R5f7
27. c4 dxc4 28. Nxc4 Qb4 29. Ne5 Nxe5 30. dxe5 e3 31. Rd3 Qb1+ 32. Ke2 Qxc2+
33. Kxe3 Rf3+ 34. Kd4 Qxd3+ 35. Kc5 Qc2+ 36. Kd4 c5+ 37. Kd5 Rd8+ 38. Ke6 Qc4+
0-1

[Event "5eme open de Champagne -Ardenne"]
[Site "BLAGNY N°14535"]
[Date "2009.05.03"]
[Round "6.15"]
[White "Huang, Feibai"]
[Black "Hurreau, Jean Francois"]
[Result "1-0"]
[WhiteElo "1207"]
[BlackElo "1499"]
[PlyCount "43"]
[EventDate "2009.??.??"]

1. e4 e5 2. Nf3 Nf6 3. Nxe5 d6 4. Nf3 Nxe4 5. Nc3 d5 6. d4 Be7 7. Bd3 O-O 8.
Nxe4 dxe4 9. Bxe4 c5 10. Bf4 Na6 11. dxc5 Bxc5 12. O-O Nc7 13. h4 Bb6 14. Bxh7+
Kxh7 15. Ng5+ Kg6 16. h5+ Kf5 17. Qf3 Kf6 18. Bxc7+ Kxg5 19. Bxd8+ Rxd8 20.
Qxf7 Rd2 21. Qxg7+ Kxh5 22. Qe5+ 1-0

[Event "5eme open de Champagne -Ardenne"]
[Site "BLAGNY N°14535"]
[Date "2009.05.03"]
[Round "6.16"]
[White "Seninck, Maxence"]
[Black "Henzler, Steffen"]
[Result "1/2-1/2"]
[WhiteElo "1270"]
[BlackElo "1099"]
[PlyCount "46"]
[EventDate "2009.??.??"]

1. d4 e5 2. dxe5 f6 3. exf6 Nxf6 4. Bg5 d5 5. Nc3 Bb4 6. a3 Bxc3+ 7. bxc3 Nc6
8. e3 O-O 9. Qf3 Bg4 10. Qg3 h6 11. Bxf6 Qxf6 12. Qxg4 Qxc3+ (12... Qxf2+ 13.
Kd1 Qxf1+ 14. Kd2 Qxa1 15. Qd1 Qxd1+ 16. Kxd1 {0-1}) 13. Ke2 Qxa1 (13... Qxc2+
14. Ke1 Qxf2+ 15. Kd1 Qxf1+) 14. Nf3 Qxa3 15. Nh4 Qc3 16. Nf5 g5 (16... Qxc2+
17. Ke1 Rxf5) 17. Nxh6+ Kh7 18. Qxg5 d4 19. Nf5 d3+ 20. cxd3 Nb4 21. Qh6+ Kg8
22. Ne7+ Kf7 23. Ng6 Qxd3+ 1/2-1/2

[Event "5eme open de Champagne -Ardenne"]
[Site "BLAGNY N°14535"]
[Date "2009.05.03"]
[Round "6.17"]
[White "Schenk, Philipp"]
[Black "Jagiello, Robert"]
[Result "1/2-1/2"]
[WhiteElo "1433"]
[BlackElo "1618"]
[PlyCount "76"]
[EventDate "2009.??.??"]

1. e4 e5 2. Nf3 Nf6 3. Nxe5 d6 4. Nf3 Nxe4 5. Nc3 Nf6 6. d4 Be7 7. Bd3 O-O 8.
h3 c6 9. Bf4 d5 10. O-O Bd6 11. Bxd6 Qxd6 12. Re1 Be6 13. Qd2 Nbd7 14. Na4 b6
15. Ne5 Rac8 16. Nxd7 Qxd7 17. Nc3 Rfe8 18. Re3 Bf5 19. Bxf5 Qxf5 20. Rf3 Qd7
21. Qg5 Ne4 22. Nxe4 Rxe4 23. c3 Re2 24. Rb1 Rce8 25. Re3 h6 26. Rxe8+ Qxe8 27.
Qc1 Qe6 28. Qd1 Qf5 29. Qf1 c5 30. dxc5 Rxf2 31. Qxf2 Qxb1+ 32. Kh2 bxc5 33.
Qxc5 Qxb2 34. Qxd5 Qxc3 35. Qa8+ Kh7 36. Qxa7 Qe5+ 37. Kh1 Qe1+ 38. Kh2 Qe5+
1/2-1/2

[Event "5eme open de Champagne -Ardenne"]
[Site "BLAGNY N°14535"]
[Date "2009.05.03"]
[Round "6.18"]
[White "Gilles, Sebastien"]
[Black "Gilles, Ludwig"]
[Result "0-1"]
[WhiteElo "1499"]
[BlackElo "1160"]
[PlyCount "140"]
[EventDate "2009.??.??"]

1. Nf3 d5 2. g3 Nc6 3. Bg2 Bg4 4. O-O Bxf3 5. Bxf3 Nf6 6. b3 g6 7. d3 Bg7 8.
Na3 a5 9. Nb5 Nh5 10. Rb1 Nd4 11. Nxd4 Bxd4 12. e3 Bc3 13. g4 Nf6 14. h3 h5 15.
g5 Nd7 16. h4 c6 17. Bd2 Bxd2 18. Qxd2 e5 19. c4 e4 20. dxe4 f5 21. Qd4 Rf8 22.
e5 Qe7 23. Rfc1 Nxe5 24. Bg2 Nd7 25. f4 Qe6 26. Re1 c5 27. cxd5 Qe7 28. Qa4 Kd8
29. a3 Nb6 30. Qb5 Nxd5 31. Qe2 (31. Bxd5) 31... Nc3 32. Qd3+ Qd7 33. Qxc3 b5
34. Kh2 (34. Red1 {gagne la dame ! 1-0}) 34... b4 35. Qe5 (35. Qxc5) 35... Re8
36. Red1 Rxe5 37. Rxd7+ (37. fxe5 Ra7 38. Bc6) 37... Kxd7 38. a4 Rxe3 39. Rc1
Kd6 40. Kg1 Rc8 41. Kf2 Ree8 42. Bb7 Rc7 43. Bf3 Rce7 44. Kg3 Re3 45. Rf1 Rxb3
46. Rd1+ Kc7 47. Kf2 c4 48. Be2 c3 49. Ke1 c2 50. Rc1 Rc3 51. Kd2 Rd8+ 52. Ke1
b3 53. Bd1 b2 54. Rxc2 b1=Q 55. Rxc3+ Kd7 56. Kd2 Qb2+ 57. Rc2 Ke8+ 58. Ke3
Qb6+ 59. Kf3 Rxd1 60. Re2+ Kd8 61. Re3 Rf1+ 62. Ke2 Rb1 63. Rd3+ Kc8 64. Kd2
Qf2+ 65. Kc3 Rc1+ 66. Kb3 Qb6+ 67. Ka2 Qb1+ 68. Ka3 Qxd3+ 69. Kb2 Rc2+ 70. Kb1
Qd1# 0-1

[Event "5eme open de Champagne -Ardenne"]
[Site "BLAGNY N°14535"]
[Date "2009.05.03"]
[Round "6.19"]
[White "Lucas Fauchois, Leo"]
[Black "Louot, Catherine"]
[Result "0-1"]
[WhiteElo "1060"]
[BlackElo "1530"]
[PlyCount "49"]
[EventDate "2009.??.??"]

1. e4 e5 2. Nf3 Nf6 3. Bc4 Nxe4 4. d3 Nd6 5. O-O Nxc4 6. dxc4 Nc6 7. h3 Bc5 8.
Be3 Bxe3 9. fxe3 Qf6 10. Nd4 Qh6 11. Kh1 exd4 12. exd4 d6 13. d5 Ne5 14. Re1
Bd7 15. Qe2 O-O-O 16. Nc3 Rhe8 17. Rf1 Ng6 18. Rf2 Rxe2 19. Rxe2 Nf4 20. Rf2
Re8 21. Rd1 Bg4 22. Rdf1 Nxh3 23. Rf4 Nxf4+ 24. Kg1 Be2 25. Re1 0-1

[Event "5eme open de Champagne -Ardenne"]
[Site "BLAGNY N°14535"]
[Date "2009.05.03"]
[Round "7.2"]
[White "Bakalarz, Mietek"]
[Black "Dubuisson, Thomas"]
[Result "1-0"]
[WhiteElo "2312"]
[BlackElo "2011"]
[PlyCount "49"]
[EventDate "2009.??.??"]

1. e4 g6 2. d4 Bg7 3. Nc3 d6 4. Be3 Nf6 5. Qd2 Nbd7 6. O-O-O e5 7. Bh6 Bxh6 8.
Qxh6 Ng4 9. Qd2 exd4 10. Qxd4 Qf6 11. e5 Qg5+ 12. f4 dxe5 13. Qxd7+ Bxd7 14.
fxg5 Nf2 15. Nf3 e4 (15... Nxh1 16. Nxe5) 16. Nxe4 Nxd1 17. Kxd1 O-O-O 18. Kc1
h6 19. Bd3 Bf5 20. gxh6 Bxe4 21. Bxe4 f5 22. Bd3 Rxh6 23. Re1 Rhh8 24. Re6 Rd6
25. Rxg6 1-0

[Event "5eme open de Champagne -Ardenne"]
[Site "BLAGNY N°14535"]
[Date "2009.05.03"]
[Round "7.3"]
[White "Knecht, Alain"]
[Black "Guyon, Cyndie"]
[Result "1-0"]
[WhiteElo "2169"]
[BlackElo "1905"]
[PlyCount "86"]
[EventDate "2009.??.??"]

1. e4 c6 2. d4 d5 3. Nd2 dxe4 4. Nxe4 Bf5 5. Ng3 Bg6 6. Nf3 Nd7 7. Bd3 Bxd3 8.
Qxd3 e6 9. Bf4 Ngf6 10. O-O Be7 11. Rad1 Nd5 12. Bd2 Qc7 13. c4 N5f6 14. Rfe1
Rd8 15. Bc3 Nf8 16. Ne5 Ng6 17. Qe2 O-O 18. Nf5 Bd6 19. Nxd6 Qxd6 20. Nd3 Nf4
21. Nxf4 Qxf4 22. Qe5 Qh4 23. Rd3 b5 24. Rh3 Qg4 25. d5 Nd7 26. Qc7 e5 27. cxb5
(27. dxc6 Nc5 28. Rg3 Qf5 29. Qxe5) 27... cxd5 28. Rg3 Qf5 29. Bxe5 Nxe5 30.
Qxe5 Qxe5 31. Rxe5 Rc8 32. Rc3 d4 33. Rc6 f6 34. Rd5 Rfe8 35. Kf1 Rxc6 36. bxc6
Rc8 37. Rd6 Kf7 38. b4 Ke7 39. Rd7+ Ke6 40. b5 a6 41. a4 axb5 42. axb5 Ra8 43.
Ke2 Rb8 1-0

[Event "5eme open de Champagne -Ardenne"]
[Site "BLAGNY N°14535"]
[Date "2009.05.03"]
[Round "7.4"]
[White "Peltriaux, Guillaume"]
[Black "Bricard, Herve"]
[Result "0-1"]
[WhiteElo "1906"]
[BlackElo "2067"]
[PlyCount "78"]
[EventDate "2009.??.??"]

1. e4 c5 2. Nc3 Nc6 3. f4 e6 4. Nf3 d5 5. Bb5 Nf6 6. Ne5 Bd7 7. Nxd7 Qxd7 8. e5
Ng8 9. O-O Nge7 10. g4 g6 11. Qe1 h5 12. h3 hxg4 13. hxg4 a6 14. Bxc6 Nxc6 15.
Qf2 Nd4 16. d3 Be7 17. g5 Nf5 18. Ne2 Rh4 19. Kg2 d4 20. Qf3 Rh5 21. Kf2 O-O-O
22. Bd2 Rh2+ 23. Ke1 Rdh8 24. Ng1 Qa4 25. b3 Qa3 26. Rf2 Rh1 27. Ke2 Bd8 28.
Bc1 Qa5 29. Bd2 Qb5 30. a4 Qd7 31. Raf1 Bb6 32. Ke1 Qd8 33. Ne2 R1h3 34. Qg2
Ba5 35. c3 dxc3 36. Nxc3 Bxc3 37. Bxc3 Rxd3 38. Rf3 Ne3 39. Qe2 Rd1+ 0-1

[Event "5eme open de Champagne -Ardenne"]
[Site "BLAGNY N°14535"]
[Date "2009.05.03"]
[Round "7.5"]
[White "Moucheroud, Jeremy"]
[Black "Meunier, Samuel"]
[Result "1-0"]
[WhiteElo "2056"]
[BlackElo "1946"]
[PlyCount "127"]
[EventDate "2009.??.??"]

1. e4 c5 2. Nf3 d6 3. d4 cxd4 4. Nxd4 Nf6 5. Nc3 e6 6. Be3 a6 7. g4 h6 8. Bg2
Be7 9. Qe2 Bd7 10. O-O-O Nc6 11. h3 Rc8 12. f4 Qa5 13. Nb3 Qc7 14. h4 h5 15. g5
Ng4 16. Bg1 b5 17. Re1 Na5 18. Bf3 b4 19. Nd1 Nxb3+ 20. axb3 a5 21. Ne3 Nxe3
22. Bxe3 a4 23. bxa4 Bxa4 24. Rh2 Qa5 25. Qd1 Bb3 26. Qd3 Bc4 27. Qd4 e5 28.
Qa7 Ba6 29. Kb1 b3 30. Rd1 Qa2+ 31. Kc1 O-O 32. Qxe7 Qa1+ 33. Kd2 Qxb2 34. Ke1
bxc2 35. Rc1 Qc3+ 36. Kf2 exf4 37. Bxf4 d5 38. exd5 Rfe8 39. Qa7 Ra8 40. Qc7
Qd4+ 41. Kg3 Rac8 42. Qa5 Bd3 43. Qd2 Qc4 44. d6 Rcd8 45. Rhh1 g6 46. Rhe1 Kh7
47. Rxe8 Rxe8 48. Qa5 Bf5 49. Qd5 Qxd5 50. Bxd5 Rb8 51. Bxf7 Kg7 52. d7 Rd8 53.
Be8 Bxd7 54. Bxd7 Rxd7 55. Rxc2 Rd3+ 56. Kf2 Kf7 57. Rc7+ Ke6 58. Rc6+ Kf5 59.
Be3 Kg4 60. Rc4+ Kf5 61. Rf4+ Ke5 62. Kf3 Rd1 63. Rf6 Rf1+ 64. Bf2 1-0

[Event "5eme open de Champagne -Ardenne"]
[Site "BLAGNY N°14535"]
[Date "2009.05.03"]
[Round "7.6"]
[White "Labroche, Jerome"]
[Black "Rigolot, Lucie"]
[Result "1-0"]
[WhiteElo "1782"]
[BlackElo "1831"]
[PlyCount "97"]
[EventDate "2009.??.??"]

1. e4 c5 2. Ne2 d6 3. c4 Nf6 4. Nbc3 e6 5. g3 Nc6 6. Bg2 Nd4 7. d3 Rb8 8. O-O
Be7 9. f4 Nd7 10. f5 O-O 11. fxe6 fxe6 12. Bh3 Rxf1+ 13. Qxf1 Ne5 14. Nxd4 cxd4
15. Ne2 Nxd3 16. Nxd4 Nxc1 17. Qxc1 Qb6 18. Qe3 e5 (18... Bf6) 19. Bxc8 exd4
20. Be6+ Kh8 21. Qd2 Bf6 22. Kg2 Rf8 23. Bd5 Qc7 24. Rf1 a6 25. b3 b5 26. cxb5
axb5 27. Rc1 Qd8 28. Qc2 Bg5 29. Rf1 Bf6 30. a4 bxa4 31. bxa4 Qa5 32. Qc6 Rd8
33. Rd1 Qb4 34. Qc4 Qb2+ 35. Kh3 Qa3 36. Rd3 Qa1 37. Rf3 Qd1 38. Qf1 Qxa4 39.
Rxf6 Qd7+ 40. Kg2 Qe7 41. Rf7 Qe8 42. Bc6 Qg8 43. Bd5 Qe8 44. Qf5 Rb8 45. Kh3
d3 46. Qg5 Qc8+ 47. Kh4 Qc3 48. Qe7 g5+ 49. Kh5 1-0

[Event "5eme open de Champagne -Ardenne"]
[Site "BLAGNY N°14535"]
[Date "2009.05.03"]
[Round "7.7"]
[White "Hanot, Wilfried"]
[Black "Biniaux, Michael"]
[Result "1-0"]
[WhiteElo "1892"]
[BlackElo "1690"]
[PlyCount "59"]
[EventDate "2009.??.??"]

1. d4 d5 2. Nf3 Nf6 3. Nc3 c5 4. dxc5 Nc6 5. Bg5 e6 6. e3 Bxc5 7. Bb5 h6 8. Bh4
O-O 9. a3 a6 10. Bxc6 bxc6 11. O-O Be7 12. Re1 c5 13. Ne5 Qc7 14. Ng4 Nxg4 15.
Qxg4 Bxh4 16. Qxh4 Bb7 17. Ne2 e5 18. Qg3 Rfe8 19. Rac1 Re6 20. f3 Qe7 21. f4
d4 22. f5 Rf6 23. exd4 Rxf5 24. Qe3 Qg5 25. Ng3 cxd4 26. Qb3 Bxg2 27. Nxf5 Bd5+
28. Qg3 Qxg3+ 29. hxg3 Kh7 30. Rxe5 1-0

[Event "5eme open de Champagne -Ardenne"]
[Site "BLAGNY N°14535"]
[Date "2009.05.03"]
[Round "7.8"]
[White "Pataki, Zemplen"]
[Black "Romain, Emeline"]
[Result "1/2-1/2"]
[WhiteElo "1522"]
[BlackElo "1740"]
[PlyCount "37"]
[EventDate "2009.??.??"]

1. e4 d5 2. exd5 Qxd5 3. Nc3 Qa5 4. d4 c6 5. Bc4 Nf6 6. Nge2 Bg4 7. f3 Bf5 8.
O-O e6 9. Ng3 Bg6 10. Nce4 Be7 11. c3 O-O 12. Qb3 Qc7 13. Bd2 Nd5 14. Rae1 Nd7
15. f4 Bh4 16. Bc1 N7f6 17. Re2 Nxe4 18. Nxe4 Bh5 19. Rc2 1/2-1/2

[Event "5eme open de Champagne -Ardenne"]
[Site "BLAGNY N°14535"]
[Date "2009.05.03"]
[Round "7.9"]
[White "Beaudiot, Alain"]
[Black "Louis, Andre"]
[Result "0-1"]
[WhiteElo "1591"]
[BlackElo "1883"]
[PlyCount "56"]
[EventDate "2009.??.??"]

1. Nf3 d5 2. g3 c5 3. Bg2 Nc6 4. d3 Nf6 5. O-O e6 6. c3 Be7 7. Nbd2 O-O 8. Re1
e5 9. Qc2 h6 10. e4 d4 11. a3 a5 12. Nf1 a4 13. Nh4 Re8 14. Nf5 Bf8 15. f4 g6
16. fxe5 Nxe5 17. Nxh6+ Kh7 18. Qd2 dxc3 19. bxc3 Qxd3 20. Nxf7 Qxd2 21. Ng5+
Kg7 22. Bxd2 c4 23. Ne3 (23. Be3) 23... Bc5 24. Kh1 Rd8 25. Nd5 Nd3 26. Re2 (
26. Nc7) 26... Nxd5 27. Rf1 Bg4 28. Rf7+ Kg8 0-1